Normal view
MARC view
- Saleem H. Ali
Entry Personal Name
001 - CONTROL NUMBER
- control field: 13554
003 - CONTROL NUMBER IDENTIFIER
- control field: NUST
005 - DATE AND TIME OF LATEST TRANSACTION
- control field: 20190125131817.0
008 - FIXED-LENGTH DATA ELEMENTS
- fixed length control field: 190125|| aca||aabn | a|a d
040 ## - CATALOGING SOURCE
- Original cataloging agency: NUST
- Transcribing agency: NUST
100 ## - HEADING--PERSONAL NAME
- Personal name: Saleem H. Ali
670 ## - SOURCE DATA FOUND
- Source citation: Work cat.: (NUST): Saleem H. Ali, Islam and Education Conflict and Conformity in Pakistan’s Madrassahs
